Score 0/7 Timer 03:00
0 Plays Today
Question Answer Wrong Answers
At the 51st Golden Globe Awards, _______ wins Best Performance in a Motion Picture (Drama) for his role in Philadelphia.
1994
Tom Hanks
91.7%
Daniel Day-Lewis
3.8%
Liam Neeson
1.4%
John Malkovich
2%
This man who served as the 36th US President (and Vice President to John F. Kennedy) dies at the age of 64.
1973
Lyndon Johnson
90.3%
Gerald Ford
3.7%
Harry Truman
2.7%
Dwight Eisenhower
2.6%
Melania Knauss weds this American business man in Palm Beach, Florida.
2005
Donald Trump
89%
Warren Buffet
5.3%
Larry Page
1.7%
Michael Bloomberg
2.6%
The Crucible, a play by this American playwright, debuts on Broadway at the Martin Beck Theatre.
1953
Arthur Miller
77.5%
Eugene O'Neill
6.9%
Tennessee Williams
12.8%
David Mamet
2.6%
This LA Laker scores 81 points in a single game. It was the second highest single-game point total of all-time, behind Wilt Chamberlain's 100-point performance in 1962.
2006
Kobe Bryant
68.4%
Shaquille O'Neal
13.5%
LeBron James
15.2%
Gilbert Arenas
1.2%
Michael Hutchence, best known as the singer of this band, is born in Sydney, Australia.
1960
INXS
64.9%
Duran Duran
24.5%
New Order
2.5%
The Cure
7.7%
This comedian hosts his final episode of The Tonight Show, as his predecessor Jay Leno returns to take over the show once again.
2010
Conan O'Brien
59.5%
Johnny Carson
19.7%
Jimmy Fallon
11.6%
Jimmy Kimmel
7.3%
Remove Ads.
Support Sporcle.
Get the best of Sporcle when you Go Orange. This ad-free experience offers more features, more stats, and more fun while also helping to support Sporcle. Thank you for becoming a member.

You're not logged in!

Compare scores with friends on all Sporcle quizzes.
OR
Log In

Show Comments

Extras

Top Quizzes Today


Score Distribution

Your Account Isn't Verified!

In order to create a playlist on Sporcle, you need to verify the email address you used during registration. Go to your Sporcle Settings to finish the process.

Report this User

Report this user for behavior that violates our Community Guidelines.

Details: